01046 2200337 4500001002100000005001500021035002000036007000300056040001700059100002600076245017000102250001200272300003600284020002200320041000800342082001100350084002000361090001900381264004600400336002100446337003000467338002300497500003600520650001200556850001000568008004100578504002300619990002200642990002200664990002200686INLIS00000000000632120260418080052 a0010-0322000565ta aSBPUPADbInd0 aSetiyawatiePengarang1 aBahaya Narkoba :Dampak dan bahaya narkoba Jilid 5 /cSetiyawati; Pengarang Ke-2 Linda Susilaningtyas; Pengarang Ke-3 Anik Nurcayati; Pengarang Ke-4 Danang Sutowijoyo a.-cet.1 avi, 228 hal. :billus. ;c25 cm a978-602-71957-0-7 aInd a362.29 a362.29 SET b/II a368 MAN a 13-4 a.--Surakarta :bPT Tirta Asih Jaya,c2015 2rdacontentaTeks 2rdamediaaTanpa Perantara 2rdacarrieravolume aGlossary,hlm 217,Indeks,hlm 227 4aNarkoba aPUPAD260418 0  aBibliograf hlm 221 a24.720/B/DPK/2018 a24.719/B/DPK/2018 a24.397/B/DPK/2018